| 000 | 00557nam a22001937a 4500 | ||
|---|---|---|---|
| 005 | 20151208105956.0 | ||
| 010 | _a ENG-114172 | ||
| 020 |
_a9788183243643 _c495.00 |
||
| 035 | _aEN-97704 | ||
| 037 | _bDBAD/PUB | ||
| 082 | _a362.6 | ||
| 245 |
_aShelter security for the elderly / _cedited by Sugan Bhatia |
||
| 260 |
_aNew Delhi _bMittal Publications _c2012 |
||
| 270 |
_a4594/9, Daryaganj, _bNew Delhi _e110002 |
||
| 300 |
_axv,165p. _c22cm(Hb) |
||
| 500 | _aIncludes index | ||
| 700 | _aBhatia, Sugan | ||
| 942 |
_2ddc _cEN _mSHE _h362.6 |
||
| 999 |
_c97526 _d97526 |
||